[Event "IECG QD.2007.0.00102"]
[Site "IECG email"]
[Date "2007.09.27"]
[Round "?"]
[White "Hartmann, John"]
[Black "Palad, Angelo"]
[Result "1-0"]
[WhiteElo "1431"]
[BlackElo "1500"]
[PlyCount "60"]
[EventDate "2007.09.27"]
[EventType "tourn (corr)"]
[EventRounds "6"]
[SourceTitle "Corr 2024"]
[Source "ChessBase"]
[SourceDate "2023.10.19"]
[SourceVersion "1"]
[SourceVersionDate "2023.10.19"]
[SourceQuality "1"]

1. d4 c5 2. d5 Nf6 3. c4 b5 4. cxb5 Bb7 5. Nc3 g6 6. e4 d6 7. Nf3 Bg7 8. Be2 0-0 9. 0-0 Nbd7 10. Re1 a6 11. Qc2 Nb6 12. h3 a5 13. a4 Qd7 14. Be3 Qc7 15. Nd2 Nfd7 16. Nc4 Nxc4 17. Bxc4 Nb6 18. Be2 Bc8 19. Rad1 Bd7 20. Kh1 f5 21. exf5 Bxf5 22. Qd2 Bxc3 23. bxc3 Nxa4 24. c4 Nb6 25. Qc3 a4 26. Bc1 a3 27. Bxa3 Na4 28. Qe3 Nb6 29. Bb2 Ra2 30. Qc3 Rf6 1-0

[Event "IECG QD.2007.0.00102"]
[Site "IECG email"]
[Date "2007.09.27"]
[Round "?"]
[White "Palad, Angelo"]
[Black "Couspeyre, Thierry"]
[Result "1-0"]
[WhiteElo "1500"]
[BlackElo "1468"]
[PlyCount "41"]
[EventDate "2007.09.27"]
[EventType "tourn (corr)"]
[EventRounds "6"]
[SourceTitle "Corr 2024"]
[Source "ChessBase"]
[SourceDate "2023.10.19"]
[SourceVersion "1"]
[SourceVersionDate "2023.10.19"]
[SourceQuality "1"]

1. e4 e5 2. f4 Bc5 3. Nf3 Nf6 4. Nc3 d5 5. fxe5 Nxe4 6. d4 Bb4 7. Bd2 Nxd2 8. Qxd2 0-0 9. 0-0-0 Bf5 10. Bd3 Bxd3 11. Qxd3 c6 12. h4 h6 13. g4 Re8 14. g5 Re6 15. Ne2 c5 16. dxc5 Bxc5 17. Nf4 Rc6 18. Nxd5 Kh8 19. gxh6 Rxh6 20. Ng5 Qf8 21. Rhf1 1-0

[Event "IECC M1-2007.R09"]
[Site "IECC email"]
[Date "2007.08.20"]
[Round "?"]
[White "Kinna, Michael"]
[Black "Palad, Angelo"]
[Result "1-0"]
[WhiteElo "1608"]
[BlackElo "1434"]
[PlyCount "75"]
[EventDate "2007.??.??"]
[EventType "tourn (corr)"]
[EventRounds "4"]
[SourceTitle "Corr 2011"]
[Source "ChessBase"]
[SourceDate "2010.08.31"]
[SourceVersion "1"]
[SourceVersionDate "2010.08.31"]
[SourceQuality "1"]
[WhiteTeam "US of America"]
[BlackTeam "South Africa"]
[WhiteTeamCountry "USA"]
[BlackTeamCountry "RSA"]

1. d4 Nf6 2. c4 e6 3. Nc3 b6 4. e4 Bb7 5. e5 Ne4 6. Nxe4 Bxe4 7. Qe2 Bb7 8. Nf3 c5 9. dxc5 Bxc5 10. Be3 Qc7 11. Bxc5 bxc5 12. 0-0-0 Nc6 13. a3 0-0 14. Qe3 f6 15. exf6 Rxf6 16. Qxc5 Qf4+ 17. Qe3 Qc7 18. Bd3 Raf8 19. Ng5 h6 20. Nh7 Ne5 21. Nxf6+ Rxf6 22. f3 Nxc4 23. Bxc4 Qxc4+ 24. Kb1 Bd5 25. b3 Qb5 26. Kb2 a5 27. Rd4 e5 28. Rd2 Rb6 29. Rd3 a4 30. b4 Qc4 31. Ra1 Rg6 32. g3 Rc6 33. Rc3 Qxc3+ 34. Qxc3 Rxc3 35. Kxc3 Bxf3 36. b5 Kf7 37. Rf1 e4 38. b6 1-0

[Event "IECG QD.2007.0.00100"]
[Site "IECG email"]
[Date "2007.05.21"]
[Round "1.2"]
[White "Palad, Angelo"]
[Black "Schalkwijk, Peter"]
[Result "0-1"]
[WhiteElo "1500"]
[BlackElo "1425"]
[PlyCount "44"]
[EventDate "2007.05.21"]
[EventType "tourn (corr)"]
[EventRounds "6"]
[SourceTitle "Corr 2024"]
[Source "ChessBase"]
[SourceDate "2023.10.19"]
[SourceVersion "1"]
[SourceVersionDate "2023.10.19"]
[SourceQuality "1"]

1. e4 d6 2. d4 g6 3. Nf3 Bg7 4. Bc4 Nf6 5. c3 Nxe4 6. 0-0 0-0 7. Nbd2 Nf6 8. Re1 Bg4 9. h3 Bd7 10. Qb3 Qc8 11. Rxe7 Nc6 12. Rxf7 Rxf7 13. Ng5 d5 14. Bxd5 Nxd5 15. Qxd5 Nd8 16. Nxf7 Nxf7 17. Nf3 Bc6 18. Qc4 Bxf3 19. gxf3 Qxh3 20. Qxc7 Re8 21. Be3 Be5 22. dxe5 Nxe5 0-1

[Event "IECC M1-2007.T05"]
[Site "IECC email"]
[Date "2007.04.10"]
[Round "?"]
[White "Palad, Angelo"]
[Black "Giammarco, Camillo"]
[Result "1/2-1/2"]
[WhiteElo "1436"]
[BlackElo "1424"]
[PlyCount "103"]
[EventDate "2007.??.??"]
[EventType "match (corr)"]
[EventRounds "2"]
[SourceTitle "Corr 2011"]
[Source "ChessBase"]
[SourceDate "2010.08.31"]
[SourceVersion "1"]
[SourceVersionDate "2010.08.31"]
[SourceQuality "1"]
[WhiteTeam "US of America"]
[BlackTeam "South Africa"]
[WhiteTeamCountry "USA"]
[BlackTeamCountry "RSA"]

1. e4 e5 2. f4 exf4 3. Nf3 Be7 4. Bc4 Nf6 5. 0-0 Nxe4 6. Ne5 d5 7. d3 Nf6 8. Bb3 Be6 9. Bxf4 Nbd7 10. d4 c5 11. c3 0-0 12. Nd2 Qb6 13. Ndf3 Nxe5 14. Nxe5 cxd4 15. cxd4 Rac8 16. Kh1 Ne4 17. Bc2 f6 18. Nd3 Qxd4 19. Rc1 g5 20. Bd2 Nxd2 21. Qxd2 Bd6 22. Rce1 Rfe8 23. Qf2 Qxf2 24. Rxf2 Kg7 25. Ba4 Re7 26. Rfe2 Kf7 27. Bb3 h5 28. Rxe6 Rxe6 29. Bxd5 Be5 30. h4 Rd8 31. Nxe5+ fxe5 32. Rxe5 Rxd5 33. Rxd5 gxh4 34. Rxh5 Rb6 35. b3 Rb4 36. Kh2 Kg6 37. Ra5 a6 38. Kh3 Kh6 39. Kh2 Kg6 40. Kg1 Rd4 41. Kf2 Rd2+ 42. Kf3 Kh6 43. b4 Kg6 44. b5 axb5 45. Rxb5 Rxa2 46. Rxb7 Rd2 47. Rb4 Kg5 48. Rg4+ Kh5 49. Rg8 Rd4 50. Kf2 Rc4 51. Kg1 Rb4 52. Kh2 1/2-1/2

[Event "IECC M2-2007.R01.01"]
[Site "IECC email"]
[Date "2007.04.05"]
[Round "?"]
[White "Lyew, Merrill"]
[Black "Palad, Angelo"]
[Result "1-0"]
[WhiteElo "1686"]
[BlackElo "1491"]
[PlyCount "59"]
[EventDate "2007.??.??"]
[EventType "tourn (corr)"]
[EventRounds "10"]
[SourceTitle "Corr 2008"]
[Source "ChessBase"]
[SourceDate "2008.06.24"]
[SourceVersion "1"]
[SourceVersionDate "2008.06.24"]
[SourceQuality "1"]
[WhiteTeam "US of America"]
[BlackTeam "Philippines"]
[WhiteTeamCountry "USA"]
[BlackTeamCountry "PHI"]

1. e4 e6 2. d4 d5 3. e5 c5 4. Nf3 Nc6 5. c3 Qb6 6. a4 cxd4 7. cxd4 Nge7 8. Nc3 Nf5 9. Bb5 Bd7 10. 0-0 a6 11. Bxc6 bxc6 12. g4 Nh6 13. Bxh6 gxh6 14. Qd2 c5 15. dxc5 Bxc5 16. a5 Qb7 17. h3 h5 18. Na4 Bb4 19. Qf4 Rg8 20. Nb6 hxg4 21. hxg4 Bxa5 22. Nxd7 Qxd7 23. Rxa5 h5 24. g5 Qd8 25. Rfa1 Qb6 26. b4 Rg7 27. b5 Rc8 28. bxa6 Rc2 29. Qa4+ Kd8 30. Qxc2 1-0

[Event "IECC M2-2007.R01.06"]
[Site "IECC email"]
[Date "2007.04.05"]
[Round "?"]
[White "Wood, Brian B"]
[Black "Palad, Angelo"]
[Result "1/2-1/2"]
[WhiteElo "1429"]
[BlackElo "1449"]
[PlyCount "53"]
[EventDate "2007.??.??"]
[EventType "tourn (corr)"]
[EventRounds "10"]
[SourceTitle "Corr 2008"]
[Source "ChessBase"]
[SourceDate "2008.06.24"]
[SourceVersion "1"]
[SourceVersionDate "2008.06.24"]
[SourceQuality "1"]
[WhiteTeam "US of America"]
[BlackTeam "Philippines"]
[WhiteTeamCountry "USA"]
[BlackTeamCountry "PHI"]

1. e4 e6 2. d4 d5 3. Nd2 Nf6 4. e5 Nfd7 5. Ngf3 c5 6. c3 Nc6 7. Bb5 cxd4 8. cxd4 Qb6 9. Bxc6 bxc6 10. 0-0 c5 11. dxc5 Bxc5 12. Nb3 Ba6 13. Nxc5 Nxc5 14. Re1 Nd3 15. Re3 Nxb2 16. Bxb2 Qxb2 17. Nd4 Qb4 18. a3 Qa5 19. Rg3 g6 20. Qc1 Rc8 21. Qf4 Rc3 22. Nb3 Qc7 23. Rxc3 Qxc3 24. Qa4+ Kf8 25. Rc1 Qb2 26. Qf4 Qxb3 27. Qf6 1/2-1/2